| 000 | 00828cam a2200253 a 4500 | ||
|---|---|---|---|
| 001 | 000014608 | ||
| 005 | 20260417092137.0 | ||
| 008 | 780203s1977 sp 001 0 spa | ||
| 015 | _aSp77-May | ||
| 020 | _a8440025904 | ||
| 040 |
_aDO-SdBNP _bspa _cDLC _dBNPHU |
||
| 082 |
_a158.2 _bL168i |
||
| 100 | 1 |
_aLafourcade, Agustín. _933081 |
|
| 245 | 1 | 3 |
_aLa igualdad y la libertad : _bo, el mundo de todos y el encuentro de cada uno / _cAgustín Lafourcade. |
| 260 |
_aMadrid, España : _bAzaral, _c1977. |
||
| 300 |
_a123 p. ; _c21 cm. |
||
| 590 | _aLa biblioteca posee 1 ejemplar autobiografiado por el autor. | ||
| 650 | 4 |
_aComunicación interpersonal _921034 |
|
| 650 | 0 |
_aLibertad _931851 |
|
| 650 | 0 |
_a Igualdad _912328 |
|
| 650 | 0 |
_aPsicología social _91574 |
|
| 910 | _aCatalogación por copia / LC | ||
| 049 | _aBNGR | ||
| 999 |
_c14193 _d14193 |
||